Personnage mystère #12 - Statistiques

Statistiques générales
  • Ce quiz a été pris 365 fois
  • Le résultat moyen est 6 sur 7
Statistiques - réponses
Lettres Indices % Correct
THAC Chat
100%
ÉYAR Rayé
95%
XUESSERAP Paresseux
91%
GNAROE Orange
86%
MONURGAD Gourmand
85%
Nom du personnage Garfield
83%
SALENGAS Lasagnes
83%
Aucun quiz correspondant
Distribution des résultats
% des personnes avec chaque résultat
Percentile par nombre de réponses
Votre historique - résultats
Vous n’avez pas pris ce quiz